Zimbabwe : (Record no. 3542)
[ view plain ]
| 000 -LEADER | |
|---|---|
| fixed length control field | 00957cam a2200289 a 4500 |
| 001 - CONTROL NUMBER | |
| control field | 13809953 |
| 003 - CONTROL NUMBER IDENTIFIER | |
| control field | GZU |
| 005 - DATE AND TIME OF LATEST TRANSACTION | |
| control field | 20201202102426.0 |
| 008 - FIXED-LENGTH DATA ELEMENTS--GENERAL INFORMATION | |
| fixed length control field | 040825s2004 rh a b 000 0 eng |
| 010 ## - LIBRARY OF CONGRESS CONTROL NUMBER | |
| LC control number | 2004411032 |
| 020 ## - INTERNATIONAL STANDARD BOOK NUMBER | |
| International Standard Book Number | 1779220251 |
| 020 ## - INTERNATIONAL STANDARD BOOK NUMBER | |
| International Standard Book Number | 1779220278 |
| 035 ## - SYSTEM CONTROL NUMBER | |
| System control number | (DLC) 2004411032 |
| 040 ## - CATALOGING SOURCE | |
| Original cataloging agency | DLC |
| Transcribing agency | DLC |
| Modifying agency | DLC |
| 042 ## - AUTHENTICATION CODE | |
| Authentication code | lcode |
| 043 ## - GEOGRAPHIC AREA CODE | |
| Geographic area code | f-rh--- |
| 050 00 - LIBRARY OF CONGRESS CALL NUMBER | |
| Classification number | DT3000 |
| Item number | .ZIM 2004 |
| 245 00 - TITLE STATEMENT | |
| Title | Zimbabwe : |
| Remainder of title | the past is the future : rethinking land, state, and nation in the context of crisis / |
| Statement of responsibility, etc. | edited by David Harold-Barry. |
| 260 ## - PUBLICATION, DISTRIBUTION, ETC. | |
| Place of publication, distribution, etc. | Avondale, Harare : |
| Name of publisher, distributor, etc. | Weaver Press, |
| Date of publication, distribution, etc. | 2004. |
| 300 ## - PHYSICAL DESCRIPTION | |
| Extent | xv, 274 p. : |
| Other physical details | ill. ; |
| Dimensions | 22 cm. |
| 504 ## - BIBLIOGRAPHY, ETC. NOTE | |
| Bibliography, etc. note | Includes bibliographical references. |
| 651 #0 - SUBJECT ADDED ENTRY--GEOGRAPHIC NAME | |
| Geographic name | Zimbabwe |
| General subdivision | Politics and government |
| Chronological subdivision | 1980- |
| 700 1# - ADDED ENTRY--PERSONAL NAME | |
| Personal name | Harold-Barry, David. |
| 906 ## - LOCAL DATA ELEMENT F, LDF (RLIN) | |
| a | 7 |
| b | cbc |
| c | origode |
| d | 3 |
| e | ncip |
| f | 20 |
| g | y-gencatlg |
| 942 ## - ADDED ENTRY ELEMENTS (KOHA) | |
| Source of classification or shelving scheme | Library of Congress Classification |
| Koha item type | Books |
| Classification part | 3000 |
| Item part | ZIM |
| Call number prefix | DT |
| Withdrawn status | Lost status | Damaged status | Not for loan | Collection code | Home library | Current library | Shelving location | Date acquired | Total Checkouts | Full call number | Barcode | Date last seen | Copy number | Price effective from | Koha item type |
|---|---|---|---|---|---|---|---|---|---|---|---|---|---|---|---|
| Non-fiction | City Campus Library | City Campus Library | General Stacks | 12/02/2020 | DT 3000 ZIM 2004 | B0173860 | 12/02/2020 | c. 1 | 12/02/2020 | Books | |||||
| Non-fiction | City Campus Library | City Campus Library | General Stacks | 12/02/2020 | DT 3000 ZIM 2004 | B017393 | 12/02/2020 | c. 2 | 12/02/2020 | Books |